Państwa graniczące z II Rzeczpospolitą - Statystyki

Ogólne statystyki
  • Ten quiz został rozwiązany 4 654 razy
  • Średni wynik to 6 z 7
Odpowiedzi na mapie
Odpowiedzi zakodowano w zielono-czerwonej skali na mapie do tego quizu, zgodnie z poniższymi procentami.
 
Statystyki odpowiedzi
Państwo % Poprawnych
Litwa
98%
Rzesza Niemiecka
98%
Czechosłowacja
97%
Łotwa
97%
Związek Radziecki
95%
Rumunia
93%
Wolne Miasto Gdańsk
70%
Nie znaleziono quizów pasujących do podanych kryteriów
Rozkład punktacji
Procent ludzi z każdym wynikiem
Percentyl według liczby udzielonych odpowiedzi
Twoja historia wyników
Nie rozwiązałeś tego quizu